| 000 | 004430000a22001810004500 | ||
|---|---|---|---|
| 003 | MACL | ||
| 005 | 20150828161404.0 | ||
| 008 | 150828b xxu||||| |||| 00| 0 eng d | ||
| 040 |
_aMACL _cMACL |
||
| 041 | _aEnglish | ||
| 082 | _a800/KUB | ||
| 100 |
_aKuber, W.N. _97927 |
||
| 245 |
_aAmbedkar _bA Critical Study |
||
| 260 |
_bPeople Publishing House _c1991 _aNew Delhi |
||
| 350 | _a250 | ||
| 650 |
_aLiterature _97928 |
||
| 942 |
_cBK _k800 _2ddc |
||
| 999 |
_c4109 _d4109 |
||